| 000 | 00572 a2200181 4500 | ||
|---|---|---|---|
| 020 |
_a9781416912552 _c106.25 |
||
| 035 | _aB-212113 | ||
| 037 | _bRP-RKP-8-11/ UBH-07-08:SPL CH / RP-07-08:ENG | ||
| 082 | 1 | 4 | _aS |
| 090 |
_c6227 _d6227 |
||
| 100 | 1 | _aKeene, Carolyn | |
| 245 | 1 |
_aSleepover sleuths _cby Carolyn Keene |
|
| 260 |
_aNew York _bAladdin Paperbacks _c2006 |
||
| 300 |
_a84 p _c19 cm (pbk) |
||
| 490 | _aNancy Drew and the clue crew, 1 | ||
| 942 |
_adpl _cEN _kS / KEE |
||
| 999 |
_c6113 _d6113 |
||